Languages: Countries from Polish to English - Statistics

General Stats
  • This quiz has been taken 268 times
  • The average score is 14 of 16
Answer Stats
Country in Polish And in English % Correct
Hiszpania Spain
100%
Francja France
98%
Korea Północna North Korea
97%
Turcja Turkey
96%
Białoruś Belarus
95%
Rosja Russia
95%
Słowacja Slovakia
95%
Litwa Lithuania
94%
Gwinea Guinea
90%
Szwajcaria Switzerland
85%
Niemcy Germany
84%
Stany Zjednoczone United States
81%
Włochy Italy
70%
Gwinea Równikowa Equatorial Guinea
69%
Węgry Hungary
69%
Gruzja Georgia
64%
No matching quizzes found
Score Distribution
Percent of People with Each Score
Percentile by Number Answered
Your Score History
You have not taken this quiz